Transformers: Beast Wars Characters - Statistics

General Stats
  • This quiz has been taken 72 times
  • The average score is 15 of 21
Answer Stats
Hint Answer % Correct
Maximal Optimus Primal
96%
Maximal Cheetor
93%
Maximal Rhinox
89%
Predacon Megatron
87%
Maximal Rattrap
87%
Maximal Airazor
83%
Maximal Dinobot
80%
Predacon Dinobot 2
80%
Predacon Blackarachnia
74%
Maximal Silverbolt
74%
Predacon Waspinator
74%
Predacon Tarantulas
72%
Predacon Rampage
67%
Maximal Tigatron
67%
Predacon Terrorsaur
63%
Predacon Scorponok
61%
Maximal Depth Charge
59%
Predacon Inferno
59%
Predacon Quickstrike
57%
Maximal Tigerhawk
57%
Decepticon Ravage
52%
No matching quizzes found
Score Distribution
Percent of People with Each Score
Percentile by Number Answered
Your Score History
You have not taken this quiz